UBT Library

BRAKE DYNAMICS (Record no. 14077)

000 -LEADER
fixed length control field 00255nam a22001217a 4500
008 - FIXED-LENGTH DATA ELEMENTS--GENERAL INFORMATION
fixed length control field 170524b xxu||||| |||| 00| 0 eng d
041 ## - LANGUAGE CODE
Language code of text/sound track or separate title eng
080 ## - UNIVERSAL DECIMAL CLASSIFICATION NUMBER
Universal Decimal Classification number 621.3
100 ## - Rafti
Rafti 26
101 ## - Shkurtesa
Shkurtesa im
245 ## - TITLE STATEMENT
Title BRAKE DYNAMICS
Statement of responsibility, etc WHITE, A.J
942 ## - ADDED ENTRY ELEMENTS (KOHA)
Source of classification or shelving scheme
Item type Books
Holdings
Withdrawn status Lost status Source of classification or shelving scheme Damaged status Not for loan Collection code Permanent location Current location Shelving location Date acquired Total Checkouts Full call number Barcode Date last seen Price effective from Koha item type
          Koleksioni i përgjithshem UBT - Lipjan UBT - Lipjan Koleksioni i përgjithshem 05/24/2017   621.3 WHI 002-286790 05/24/2017 05/24/2017 Books
UBT Library © 2015-2024. All rights reserved University Education for Business and Technology